000 00582nam a22002057a 4500
005 20250108115453.0
010 _aENG-143236
020 _a9789386078940
_c1100.00
035 _aEN-126768
037 _bDBAD
082 _a941.405
100 _aHarendra Singh
_976079
245 _aSoil Science/
_cby Harendra Singh
250 _a1
260 _aDelhi
_bPrakashan Kendra
_c2021
270 _a1/11955,First Floor, Road N0-65,Subhas Marg,Shahdara
_bDelhi
_e110032
300 _a240p. :
_b22cm(Hb)
500 _aIncludes index
942 _2ddc
_cEN
_h641.405
_mHAR
999 _c208193
_d208193